000 01035cad a22002295a 4500
001 L155196
008 120309s2012 xxk 000 0 eng d
035 _a(Sirsi) u155196
041 0 _aeng
110 2 _aGVA
_95945
245 0 0 _aEvolving London
_bthe future shape of the capital Spring 2012
_h[electronic resource]
260 _aLondon
_bGVA
_c2012
490 _aGVA Thought Leadership
_vSpring 2012
520 _aResearches the impact of the three principal drivers of property market change and development across the London property market. Surveys current development trends, outlines influences on future development, prospects for change, and places to watch. Concludes with lists of boroughs that are likely to see the greatest change, and six places to watch.
590 _aNTK KA
651 4 _aLondon
690 _aCommercial property
_96227
690 _aResidential property
_96266
710 _aCentre for Cities
_95909
856 4 0 _uhttps://www.gva.co.uk/research/
_zView the report at www.gva.co.uk
942 _n0
999 _c83831
_d83831